Verbes utiles portugais traduction - Statistiques

Statistiques générales
  • Ce quiz a été pris 270 fois
  • Le résultat moyen est 44 sur 124
Statistiques - réponses
Verbes Traduction % Correct
acheter comprar
86%
aider ajudar
84%
aller ir
84%
aimer amar
77%
manger comer
76%
apprendre (recevoir la connaissance) aprender
72%
chanter cantar
70%
avoir ter
70%
lire ler
69%
être ser
69%
appeler chamar
67%
parler falar
67%
dormir dormir
62%
faire fazer
62%
payer pagar
62%
attendre esperar
55%
jouer (un jeu) jogar
55%
penser pensar
55%
dire dizer
54%
voir ver
54%
donner dar
53%
arriver (à destination) chegar
52%
courir correr
52%
travailler trabalhar
52%
ouvrir abrir
51%
pouvoir poder
51%
entrer entrar
50%
vouloir querer
49%
savoir saber
49%
couper cortar
48%
continuer continuar
47%
marcher andar
46%
casser | partir partir
46%
vendre vender
46%
écrire escrever
45%
perdre perder
45%
avoir besoin precisar
45%
répondre responder
45%
terminer terminar
44%
pleurer chorar
42%
expliquer explicar
42%
gagner ganhar
42%
toucher tocar
42%
compter contar
41%
utiliser usar
41%
chercher buscar
40%
rire rir
40%
vivre viver
40%
écouter escutar
39%
choisir escolher
38%
rester (continuer d’être) ficar
38%
montrer mostrar
38%
regarder olhar
38%
préparer preparar
38%
fermer fechar
37%
laisser deixar
36%
entendre ouvir
36%
conduire conduzir
35%
connaître conhecer
35%
exister existir
35%
sortir sair
35%
faire la cuisine cozinhar
34%
oublier esquecer
34%
laver, nettoyer limpar
34%
changer mudar
34%
suivre seguir
34%
commencer começar
33%
décider decidir
33%
finir acabar
32%
retrouver encontrar
31%
répéter repetir
31%
devoir dever
30%
recevoir receber
30%
apporter trazer
30%
rentrer (à la maison) | retourner | revenir voltar
30%
éteindre (le feu) apagar
29%
venir vir
29%
trouver (par hasard, une solution, juger) achar
28%
tomber cair
28%
envoyer enviar
27%
se laver lavar-se
27%
apprendre (enseigner) ensinar
26%
demander pedir
26%
permettre permitir
26%
mettre pôr
26%
reconnaître reconhecer
25%
s’asseoir sentar-se
25%
allumer acender
22%
rappeler lembrar
22%
essayer tentar
22%
jouer (s´amuser) brincar
21%
porter levar
20%
prendre pegar
20%
croire acreditar
19%
comprendre compreender
19%
descendre descer
19%
se réveiller acordar
18%
ressembler parecer
18%
voler roubar
18%
poser colocar
17%
se reposer descansar
14%
éteindre (lampe, machine, interrupteur) desligar
14%
tourner girar
14%
arrêter prender
14%
refuser recusar
14%
arriver (avoir lieu, se passer) acontecer
13%
jeter (à la poubelle) deitar
12%
se souvenir, se rappeler recordar
11%
empêcher impedir
10%
rendre tornar
10%
s’endormir adormecer
8%
tirer puxar
8%
garder manter
6%
tenir segurar
4%
réussir (examen, activité) ter sucesso
4%
jeter (lancer) atirar
3%
réussir (socialement) alcançar
2%
goûter saboriar
2%
devenir tornar-se
2%
(se) rencontrer (faire connaissance, se croiser en chemin avec une connaissance) deparar-se com
1%
rester (être en réserve) sobrar
1%
Aucun quiz correspondant
Distribution des résultats
% des personnes avec chaque résultat
Percentile par nombre de réponses
Votre historique - résultats
Vous n’avez pas pris ce quiz